书目信息 |
| 题名: |
教育审计案例与分析
|
|
| 作者: | 张建新 , 于国莹 主编 | |
| 分册: | ||
| 出版信息: | 石家庄 河北科学技术出版社 2004 |
|
| 页数: | 291页 | |
| 开本: | 20cm | |
| 丛书名: | ||
| 单 册: | ||
| 中图分类: | F239.66 | |
| 科图分类: | ||
| 主题词: | 审计 | |
| 电子资源: | ||
| ISBN: | 7-5375-2960-4 | |
| 000 | 00625nam0 2200205 450 | |
| 001 | 0765777889 | |
| 005 | 20070730141435.90 | |
| 010 | @a7-5375-2960-4@dCNY23.00 | |
| 100 | @a20070720d2004 km y0chiy0120 ea | |
| 101 | 0 | @achi |
| 102 | @aCN@b130000 | |
| 200 | 1 | @a教育审计案例与分析@Ajiao yu shen ji an li yu fen xi@f张建新,于国莹主编@Fzhang jian xin,yu guo ying zhu bian |
| 210 | @a石家庄@c河北科学技术出版社@d2004 | |
| 215 | @a291页@d20cm | |
| 606 | 0 | @a审计 |
| 690 | @aF239.66@v3 | |
| 701 | 0 | @a张建新@Azhang jian xin@4主编 |
| 701 | 0 | @a于国莹@Ayu guo ying@4主编 |
| 801 | 0 | @aCN@bPFT@c20070730 |
| 905 | @a10447@dF239.66@e310 | |
| 教育审计案例与分析/张建新,于国莹主编.-石家庄:河北科学技术出版社,2004 |
| 291页;20cm |
| ISBN 7-5375-2960-4:CNY23.00 |
| ● |
| 相关链接 |
|
|
|
|
正题名:教育审计案例与分析
索取号:F239.66/310
 
预约/预借
| 序号 | 登录号 | 条形码 | 馆藏地/架位号 | 状态 | 备注 |
| 1 | 0767356 | 207673560 | 密集书库/ [索取号:F239.66/310] | 在馆 | |
| 2 | 0767565 | 207675657 | 第一样本阅览室/ [索取号:F239.66/310] | 在馆 | |
| 3 | 0767655 | 207676558 | 密集书库/ [索取号:F239.66/310] | 在馆 | |
| 4 | 0769232 | 207692326 | 密集书库/ [索取号:F239.66/310] | 在馆 |